Faktory úspešnosti sociálneho podnikania ako inovácie v podnikaní s dopadom na sociálnu transformáciu
Kľúčové faktory podmieňujúce úspešnosť sociálneho podnikania ako inovatívneho prístupu k podnikaniu zameraného na riešenie sociálnych problémov s dopadom na transformáciu sociálneho systému.
Gespeichert in:
| 1. Verfasser: | |
|---|---|
| Format: | Buchkapitel |
| Sprache: | Slowakisch |
| Schlagworte: | |
| Tags: |
Keine Tags, Fügen Sie das erste Tag hinzu!
|
MARC
| LEADER | 00000nla$a2200000$$$4500 | ||
|---|---|---|---|
| 001 | 0145687 | ||
| 005 | 20221103134546.8 | ||
| 041 | 0 | |a slo | |
| 044 | |a SK | ||
| 245 | 1 | 0 | |a Faktory úspešnosti sociálneho podnikania ako inovácie v podnikaní s dopadom na sociálnu transformáciu |c Beáta Mikušová Meričková |
| 520 | |a Kľúčové faktory podmieňujúce úspešnosť sociálneho podnikania ako inovatívneho prístupu k podnikaniu zameraného na riešenie sociálnych problémov s dopadom na transformáciu sociálneho systému. | ||
| 610 | 2 | 0 | |a podnikanie sociálne |
| 610 | 2 | 0 | |a stratégia podnikateľská |
| 610 | 2 | 0 | |a zámery podnikateľské |
| 610 | 2 | 0 | |a podnik sociálny |
| 610 | 2 | 0 | |a problémy spoločenské |
| 610 | 2 | 0 | |a rozhodovanie taktické |
| 610 | 2 | 0 | |a systémy sociálne |
| 610 | 2 | 0 | |a transformácia |
| 100 | 1 | |a Mikušová Meričková, Beáta | |